Investičná činnosť v etape realizácie

Bibliographic Details
Main Author: Košč, František (Author)
Format: Article
Language:Slovak
Subjects:

MARC

LEADER 00000nab a2200000 a 4500
001 vtls000375562
003 SK-MaSNL
005 20260302224113.0
008 111202c1989 xo 0 slo
015 |a SNBRA19rr/mm-uuuuu 
035 |a CL0375684 
040 |a SNKBUCL  |b slo  |c SNKBUCL  |e AACR2 
041 0 |a slo 
044 |a xo  |c SK 
080 |a 630 38:69:330.3  |2 1981 
080 |a 69  |2 1981 
080 |a 330.3  |2 1981 
100 1 |a Košč, František  |4 aut  |9 954766 
245 1 0 |a Investičná činnosť v etape realizácie  |c František Košč 
650 0 7 |a lesné hospodárstvo  |2 snkbucl  |9 1256 
650 0 7 |a výstavba investičná  |2 snkbucl  |9 677195 
655 7 |a články zo zborníkov  |2 snkbucl  |9 166140 
773 0 |t Problematika súčasného lesníckeho stavebníctva v SSR a jeho rozvoj  |d Žilina : Dom techniky ČSVTS, 1989 
850 |a Slovenská národná knižnica v Martine  |a MTA001 
852 |a SNK  |b KIS3GCP 
958 |a RK 
992 |a RZB 
999 |c 1523045  |d 1524975